000 00745nam a2200181Ia 4500
999 _c9712
_d9712
005 20231014105720.0
008 231011s9999 xx 000 0 und d
040 _aUPAN
_cBiblioteca San Vicente
_eRCAA2
041 _aspa
082 _a153.94
_bP764p
_cs.n.
110 _aEscuela de capacitación judicial
_4aut.
245 0 _aPrograma de formación inicial para jueces/
_cEscuela de capacitación judicial
260 _aEl Salvador:
_bCNJ,
_cs.n.
300 _a242 p.;
_c22 cm.
505 _aContenido: 1. Propuestas de solución, 2. Información epecífica sobre la prueba de conocimientos, 3. Reporte de errores advercibos en el libro "Textos de estudio parala prueba de conocimientos"
650 _2LEMB
_vGuia
_xJueces
942 _cBK
_2ddc